|
|
|
|
| LEADER |
00000nab a2200000 a 4500 |
| 001 |
vtls000382103 |
| 003 |
SK-MaSNL |
| 005 |
20260302232420.0 |
| 008 |
111202c1990 xo 0 slo |
| 015 |
|
|
|a SNBRB19rr/mm-uuuuu
|
| 035 |
|
|
|a CL0382225
|
| 040 |
|
|
|a SNKBUCL
|b slo
|c SNKBUCL
|e AACR2
|
| 041 |
0 |
|
|a slo
|
| 044 |
|
|
|a xo
|c SK
|
| 080 |
|
|
|a 78.071.2:784.66
|2 1981
|
| 080 |
|
|
|a 784.66
|2 1981
|
| 080 |
|
|
|a 78.071.2
|2 1981
|
| 080 |
|
|
|a 929 Curtis, Ian
|2 1981
|
| 100 |
1 |
|
|a Virgala, Jozef
|4 aut
|9 841332
|
| 245 |
1 |
0 |
|a Joy Division a spomienka na Iana Curtisa
|c Jozef Virgala
|
| 300 |
|
|
|b Obr. 1.
|
| 600 |
1 |
7 |
|a Curtis, Ian,
|d 1956-1980
|2 snkbucl
|9 964550
|
| 650 |
0 |
7 |
|a Joy Division (skupina hudobná anglická)
|2 snkbucl
|9 964551
|
| 650 |
0 |
7 |
|a Curtis, Ian,
|d 1956-1980
|2 snkbucl
|9 964552
|
| 655 |
|
7 |
|a články z novín a časopisov
|2 snkbucl
|9 267496
|
| 773 |
0 |
|
|t Smena
|g Roč. 43, č. 114 (17. 5. 1990), s. 5
|
| 850 |
|
|
|a Slovenská národná knižnica v Martine
|a MTA001
|
| 852 |
|
|
|a SNK
|b KIS3GCP
|
| 958 |
|
|
|a RK
|
| 992 |
|
|
|a RBX
|
| 999 |
|
|
|c 1542813
|d 1544743
|